000 00473nam a2200169Ia 4500
008 240729s9999 xx 000 0 und d
022 _a2328-8620
245 0 _aHealth Systems & Reform
260 _aUnited Kingdom
260 _bTaylor & Francis Group
650 _a Medicine (General) | Medicine
650 _a Public aspects of medicine
650 _aMedicine
856 _uhttps://doaj.org/toc/549a7168453d4a5bb7ad1afa1e59617d
942 _2ddc
942 _cDOAJEJ
999 _c69102
_d69102
945 _a1
_bMadushi Gamage
_c1
_dMadushi Gamage